The News in focus : (Record no. 2776)

000 -LEADER
fixed length control field 01034cam a2200289 a 4500
001 - CONTROL NUMBER
control field 2797502
003 - CONTROL NUMBER IDENTIFIER
control field OSt
005 - DATE AND TIME OF LATEST TRANSACTION
control field 20180117085949.0
008 - FIXED-LENGTH DATA ELEMENTS--GENERAL INFORMATION
fixed length control field 830201s1980 at a b 001 0 eng
010 ## - LIBRARY OF CONGRESS CONTROL NUMBER
LC control number 81190467
020 ## - INTERNATIONAL STANDARD BOOK NUMBER
International Standard Book Number 0333299310 (pbk.)
020 ## - INTERNATIONAL STANDARD BOOK NUMBER
International Standard Book Number 0333299302 (hard)
040 ## - CATALOGING SOURCE
Original cataloging agency DLC
Transcribing agency DLC
Modifying agency DLC
-- OCoLC
-- DLC
043 ## - GEOGRAPHIC AREA CODE
Geographic area code u-at---
050 00 - LIBRARY OF CONGRESS CALL NUMBER
Classification number PN5514
Item number .N48 1981
082 00 - DEWEY DECIMAL CLASSIFICATION NUMBER
Classification number 079/.94
Edition number 19
245 04 - TITLE STATEMENT
Title The News in focus :
Remainder of title the journalism of exception /
Statement of responsibility, etc. edited by Patricia Edgar.
260 ## - PUBLICATION, DISTRIBUTION, ETC.
Place of publication, distribution, etc. South Melbourne, [Vic.] :
Name of publisher, distributor, etc. Macmillan,
Date of publication, distribution, etc. 1980
Date of manufacture (1981 printing)
300 ## - PHYSICAL DESCRIPTION
Extent vi, 213 p. :
Other physical details ill. ;
Dimensions 22 cm.
504 ## - BIBLIOGRAPHY, ETC. NOTE
Bibliography, etc. note Includes bibliographical references and index.
650 #0 - SUBJECT ADDED ENTRY--TOPICAL TERM
Topical term or geographic name entry element Journalism
Geographic subdivision Australia.
650 #0 - SUBJECT ADDED ENTRY--TOPICAL TERM
Topical term or geographic name entry element Television broadcasting of news
Geographic subdivision Australia.
700 1# - ADDED ENTRY--PERSONAL NAME
Personal name Edgar, Patricia.
906 ## - LOCAL DATA ELEMENT F, LDF (RLIN)
a 7
b cbc
c orignew
d 3
e ncip
f 19
g y-gencatlg
942 ## - ADDED ENTRY ELEMENTS (KOHA)
Source of classification or shelving scheme
Koha item type Book
Holdings
Withdrawn status Lost status Source of classification or shelving scheme Damaged status Not for loan Permanent Location Current Location Shelving location Date acquired Total Checkouts Full call number Barcode Date last seen Date last checked out Price effective from Koha item type
          Central Library (CL) Central Library (CL) First Floor - Journalism 03/17/2016 2 302.23 NEW S3H-N-99 10/02/2020 10/02/2020 03/17/2016 Book
© 2023 Central Library, National University of Sciences and Technology. All Rights Reserved.